000 01100nam1a2200325 i 4500
001 RU\NLR\bibl\61425
005 20241118144912.0
010 _a5-224-00355-5
_bобщ.
035 _a(NLR Aleph) 000059926
090 _a325911
_c325911
100 _a19991129g19999999u y0rusy50 ca
101 0 _arus
102 _aRU
105 _ay |||||||||
200 1 _aБожественный мир Истории любви и розни
_eАвантюр.-ист. эпопея
_fБорис Толчинский
210 _aМ.
_cОЛМА-ПРЕСС
_d1999
215 _d20
225 1 _aИмперия
300 _aНа 4-й с. обл. авт.: Борис Толчинский, к.полит.н., публицист
463 0 _100159850
463 0 _100168867
686 _aШ6(2=Р)75-445
700 1 _aТолчинский
_bБ. А.
_f1969-
_gБорис Аркадьевич
_4070
801 0 _aRU
_bNLR
_c19991129
_gPSBO
801 1 _aRU
_bNLR
_c19991129
830 _aАвт. раскрыт по кн.
852 _aNLR
_j99-3/14671
942 _cBOOK